Ocho anos de labor : discursos de Felipe Herrera.

Saved in:
Bibliographic Details
Main Author: Herrera Lane, Felipe
Format: Book
Language:English
Published: Washington : Banco Interamericano de Desarrollo, [1968].
Subjects:
LEADER 00750nam a2200193 i 4500
001 c000024933
003 CARM
005 00000000000000.0
008 840903s1968 dcu 0 eng d
019 1 |a 9233848  |z 27034892  |5 LACONCORD2021 
035 |a (OCoLC)390413  |5 LACONCORD2021 
100 2 |a Herrera Lane, Felipe. 
245 1 0 |a Ocho anos de labor :  |b discursos de Felipe Herrera. 
260 |a Washington :  |b Banco Interamericano de Desarrollo,  |c [1968]. 
300 |a 62 p. 
610 2 0 |a Inter-American Development Bank. 
852 8 |b CARM  |h A2:AF16B0  |i B01710  |p 0075633  |f BK 
999 f f |i d89004b8-b36c-507e-9016-c905a89c34ae  |s 067021cf-98a7-5960-9661-d5c20d167765 
952 f f |p Can circulate  |a CAVAL  |b CAVAL  |c CAVAL  |d CARM 1 Store  |e B01710  |f A2:AF16B0  |h Other scheme  |i book  |m 0075633